Statistics for Llanfair in 15 seconds

Click here to take the quiz!

General Stats

  • This quiz has been taken 603 times
  • The average score is 34 of 58

Answer Stats

Letters% Correct
L
100%
l
99%
a
97%
n
96%
a
95%
f
95%
i
95%
r
95%
p
92%
w
92%
l
91%
l
90%
g
87%
w
84%
y
83%
n
81%
g
77%
y
74%
l
71%
l
71%
g
68%
g
67%
o
67%
e
66%
r
66%
c
63%
y
63%
h
60%
w
57%
y
53%
n
51%
r
51%
d
50%
r
50%
o
49%
b
47%
l
43%
l
43%
w
43%
l
42%
l
37%
a
36%
n
35%
t
35%
y
33%
s
32%
i
29%
l
29%
g
28%
i
28%
o
28%
o
28%
g
27%
g
27%
o
27%
o
27%
c
25%
h
25%

Score Distribution

Percentile by Number Answered

Percent of People with Each Score

Your Score History

You have not taken this quiz